Central Library OPAC University of Rajshahi

Syntactic studies of Indo-Aryan languages / (Record no. 64260)

MARC details
000 -LEADER
fixed length control field 01160nam a2200265 a 4500
001 - CONTROL NUMBER
control field 64260
003 - CONTROL NUMBER IDENTIFIER
rucl marc code BD-RjUL
005 - DATE AND TIME OF LATEST TRANSACTION
control field 20211209081303.0
008 - FIXED-LENGTH DATA ELEMENTS--GENERAL INFORMATION
fixed length control field 170212s1995 ja |||| |||| 000 0 eng d
035 ## - SYSTEM CONTROL NUMBER
System control number (BD-RjUL)64390
040 ## - CATALOGING SOURCE
Original cataloging agency BD-RjUL
Language of cataloging eng
Transcribing agency BD-RjUL
041 ## - LANGUAGE CODE
Language code of text/sound track or separate title eng
082 ## - DEWEY DECIMAL CLASSIFICATION NUMBER
Edition number 23
Classification number 491.1
Author mark and year SES 1995
100 1# - MAIN ENTRY--PERSONAL NAME
Personal name Sen, Sukumar
9 (RLIN) 190834
245 10 - TITLE STATEMENT
Title Syntactic studies of Indo-Aryan languages /
Statement of responsibility, etc. Sukumar Sen
260 ## - PUBLICATION, DISTRIBUTION, ETC. (IMPRINT)
Place of publication, distribution, etc. Tokyo :
Name of publisher, distributor, etc. Institute for the Study of Languages and Foreign Cultures of Asia and Africa; Tokyo University of Foreign Studies,
Date of publication, distribution, etc. 1995.
300 ## - PHYSICAL DESCRIPTION
Pagination 402 pages ;
Size 26 cm.
490 ## - SERIES STATEMENT
Series statement Data for the study of languages of Asia and Africa, 8.; Data for the study of languages of Asia and Africa., South-Asian series.
500 ## - GENERAL NOTE
General note Includes index.
505 ## - FORMATTED CONTENTS NOTE
Formatted contents note The use of the cases in Vedic prose -- Syntax of Buddhist Sansksrit -- Historical syntax of Middle Indo-Aryan.
650 ## - SUBJECT ADDED ENTRY--TOPICAL TERM
Topical term or geographic name as entry element Indo-Aryan languages
General subdivision Syntax.
9 (RLIN) 190835
830 ## - SERIES ADDED ENTRY--UNIFORM TITLE
Uniform title Data for the study of languages of Asia and Africa, 8.;
Uniform title Data for the study of languages of Asia and Africa., South-Asian series.
942 ## - ADDED ENTRY ELEMENTS (KOHA)
Source of classification or shelving scheme Dewey Decimal Classification
Koha item type Books
Holdings
Lost status Source of classification or shelving scheme Damaged status Not for loan Collection code Permanent Location Current Location Shelving location Date acquired Cost, normal purchase price Total Checkouts Full call number Date last seen Copy number Koha item type
  Dewey Decimal Classification   Not For Loan Non-fiction Central Library, University of Rajshahi Central Library, University of Rajshahi Reading Room 22/06/1997 0.00   491.1 SES 1995 12/02/2017 C-1 Books